| 000 | 01245njm a22002897a 4500 | ||
|---|---|---|---|
| 005 | 2010090903563.0 | ||
| 007 | sd ammalaaahaa | ||
| 008 | 100901t xxu||||| |||| 00| 0 hin d | ||
| 028 |
_aECSD. 1009 _bHis Master's Voice |
||
| 028 | _bHis Master's Voice | ||
| 035 | _aGR-03285 | ||
| 040 | _aSED/VEN | ||
| 100 |
_917815 _aAmeer baai Karnatki |
||
| 245 |
_aGolden greats of 50 years / _cby Ameer baai Karnatki; music by Naushad ;lyrics D.N Madok _h[sound recording] : |
||
| 246 | _aगोल्डेन ग्रेट ऑफ़ फिफ्टी येअर्स/अमीर बाई कर्नाटकी द्वारा | ||
| 260 |
_aDum Dum, India _bHis Master's Voice _c1966 |
||
| 300 |
_a1 sound disc : _banalog, 33 1/3 rpm _c10 in. |
||
| 500 | G | _aBrief record | |
| 505 | _aSide-1 यह तसर्रुफ़ (yeh tasarruf) (R.L Segal) Side-2 हाथ सीने पे जो रख दो (Haath sene pe jo rakh do) (Mirja Shehnai) | ||
| 650 |
_aClassical music _xExcerpts _zIndia _917813 |
||
| 700 |
_918219 _aNaushad |
||
| 700 |
_918220 _aMadok, D.N |
||
| 700 | _919143 | ||
| 710 | _919101 | ||
| 942 |
_2ddc _cGR |
||
| 999 |
_c46467 _d46467 |
||